Конструктивные элементы и нормализованные узлы крепления режущих инструментов: справочник

Détails bibliographiques
Auteur principal: Шатин В. П.
Autres auteurs: Кузьмин В. В., Денисов П. С.
Résumé:Авт. указ. на обороте тит. л.
Langue:russe
Publié: Москва, Машгиз, 1959
Sujets:
Format: Livre
KOHA link:https://koha.lib.tpu.ru/cgi-bin/koha/opac-detail.pl?biblionumber=339656

MARC

LEADER 00000nam0a2200000 4500
001 339656
005 20231102005150.0
035 |a (RuTPU)RU\TPU\book\366194 
090 |a 339656 
100 |a 20180117d1959 km y0rusy50 ca 
101 0 |a rus 
102 |a RU 
105 |a a g 001zy 
200 1 |a Конструктивные элементы и нормализованные узлы крепления режущих инструментов  |e справочник  |f В. П. Шатин, В. В. Кузьмин, П. С. Денисов 
210 |a Москва  |c Машгиз  |d 1959 
215 |a 264 с.  |c ил. 
300 |a Авт. указ. на обороте тит. л. 
320 |a Библиогр.: с. 261 
606 1 |a Режущие инструменты  |2 stltpush  |3 (RuTPU)RU\TPU\subj\72754  |9 86158 
610 1 |a конструкции 
610 1 |a конструктивные элементы 
610 1 |a узлы 
610 1 |a крепления 
610 1 |a сверлильно-расточные станки 
610 1 |a револьверные станки 
610 1 |a фрезерные станки 
610 1 |a протяжные станки 
610 1 |a справочники 
675 |a 621.9.02(035)  |v 4 
700 1 |a Шатин  |b В. П. 
701 1 |a Кузьмин  |b В. В. 
701 1 |a Денисов  |b П. С. 
801 1 |a RU  |b 63413507  |c 20180117 
801 2 |a RU  |b 63413507  |c 20180119  |g RCR 
942 |c BK